Gyermekvédelmi gyakorlat

Elmentve itt :
Bibliográfiai részletek
Szerző: Kis Melinda Mária
További közreműködők: Fáyné Dr. Dombi Alice (Témavezető)
Dokumentumtípus: Szakdolgozat
Megjelent: 2005
Tárgyszavak:
Online Access:http://diploma.bibl.u-szeged.hu/91117
LEADER 00579nta a2200169 i 4500
001 dipl91117
005 20200610122958.0
008 200610s2005 hu om 0|| zxx d
040 |a SZTE Diploma Repozitórium  |b hun 
041 |a zxx 
100 1 |a Kis Melinda Mária 
245 1 0 |a Gyermekvédelmi gyakorlat  |h [elektronikus dokumentum] /  |c Melinda Mária Kis 
260 |c 2005 
650 4 |a Társadalomtudomány 
650 4 |a Educational sciences 
700 2 |a Fáyné Dr. Dombi Alice  |e ths 
856 4 0 |u http://diploma.bibl.u-szeged.hu/id/eprint/91117/1/2005_kis_melinda_maria.pdf  |z Dokumentum-elérés